| 000 | 00789nab a2200241 u 4500 | ||
|---|---|---|---|
| 001 | 14187 | ||
| 003 | HDC | ||
| 007 | cr bn ---aaaaa | ||
| 008 | 210214c xx dr|noo 0 a may d | ||
| 040 | _aHDC | ||
| 245 | 0 | _aMIHAS 2017 Catat Jualan Sebanyak RM1.01 Bilion | |
| 260 |
_a[No place] : _b[publisher not identified], _c[no date] |
||
| 336 |
_atext _2rdacontent |
||
| 337 |
_acomputer _2rdamedia |
||
| 338 |
_aonline resource _2rdacarrier |
||
| 650 |
_aExports _zMalaysia _96104 |
||
| 650 |
_aHalal food industry _9128 |
||
| 710 | _aBernama | ||
| 856 | _zRequest full-text at [email protected] | ||
| 942 | _2lcc | ||
| 942 | _cNEWS | ||
| 942 | _kNWSO 001857 | ||
| 999 |
_c11503 _d11503 |
||